000 00429nam a22001811c 4500
001 a987678684
008 170110s1991 gw |||| 000u rus d
020 _a5250019218
_95-250-01921-8
041 _arus
245 0 0 _aAvgust - 91.
264 _aMoskva :
_bPolitizdat,
_c1991
300 _a270 S. Broschur
650 0 _aSowjetunion / Putsch
655 0 _aQuelle
942 _cMG
040 _cRU-10907106
003 RU-10907106
999 _c14906
_d14906